Avance programático : primer grado :
Gespeichert in:
| Körperschaft: | |
|---|---|
| Format: | Buch |
| Sprache: | Spanisch |
| Erschienen: |
México :
Secretaría de Educación Pública,
1997.
|
| Ausgabe: | 2a. ed. |
| Katalog: | MANES: Suchergebnis im Bibliothekskatalog |
| Schulbuchspezifische Eigenschaften: |
|
| Tags: |
Tag hinzufügen
Keine Tags, Fügen Sie den ersten Tag hinzu!
|
| Hinzugefügt zu: | 05.04.2000 |
| Geändert in: | 08.05.2025 |
MARC
| LEADER | 00000cam a2200000 4500 | ||
|---|---|---|---|
| 003 | OSt | ||
| 005 | 20250508092048.0 | ||
| 008 | 000406s19971994mx a 000 0 spa d | ||
| 020 | |a 9701800710 | ||
| 040 | |a CINV |c CINV | ||
| 050 | |a LTG LB1571 |b M49 1º 1997 (Die) | ||
| 050 | 4 | |a QA11 M2A9 1997 | |
| 051 | 0 | 4 | |a LTG LB1571-M49 1º 1997 (Die) |
| 110 | 1 | |a México. |b Secretaría de Educación Pública. |b Subsecretaría de Educación Básica y Normal. |b Dirección General de Materiales y Métodos Educativos. |9 24461 | |
| 245 | 1 | 0 | |a Avance programático : |b primer grado : |b educación básica primaria SEP 1997-1998 / |c Secretaría de Educación Pública. Subsecretaría de Educación Básica Normal. Dirección General de Materiales y Métodos Educativos. |
| 250 | |a 2a. ed. | ||
| 260 | |a México : |b Secretaría de Educación Pública, |c 1997. | ||
| 300 | |a 112 p. : |b il. ; |c 21 cm. | ||
| 546 | |a México | ||
| 561 | |5 mx-CINVES |a México. DIE-Cinvestav (Ciudad de México) |k MANES | ||
| 690 | 0 | |a EyL |a CN |a MATE | |
| 691 | 0 | |a PRI | |
| 910 | |a E-35038(Die) |a E-35039(Die ej.2) | ||
| 942 | |2 lcc |c BK | ||
| 999 | |c 55166 |d 55166 | ||
| 999 | |c manes:55166 |d 55166 | ||